000 01949nam2a22002771 4500
001 rc\3179674
005 20250530091606.0
021 _aRU
_b81-89467
021 _aRU
_bРг2273-81
035 _a(NLR Aleph) 007333453
090 _a6033729
_c6033729
100 _a20120628d1980 |||y0rusy50 ca
101 0 _arus
102 _aRU
105 _ay z |||||
200 1 _aВодосборы Северного УГКС и Центральной высотной ГМО
_f[Под ред. Н.И. Капотовой и др.]
_gГос. ком. СССР по гидрометеорологии и контролю природной среды, Гос. гидрол. ин-т
210 _aЛенинград
_d1980
215 _a154 с.
_d29
461 0 _1001rc\3179666
_12001#$aМатериалы гидрометеорологических наблюдений на полевых и лесных парных водосборах$fГл. упр. гидрометеорол. службы при Совете Министров СССР. Гидрометеорол. науч.-исслед. центр СССР$vВып. 3. 1974-1975 гг. Ч. 2
_96033653
_cМосква
_d1975
_fГл. упр. гидрометеорол. службы при Совете Министров СССР. Гидрометеорол. науч.-исслед. центр СССР
_nБ. и.
_tМатериалы гидрометеорологических наблюдений на полевых и лесных парных водосборах
_vВып. 3. 1974-1975 гг. Ч. 2
532 1 2 _aВодосборы Северного Управления гидрометеорологии и контроля природной среды и Центральной высотной ГМО
702 1 _aКапотова
_bН.И.
_gНаталия Ивановна
_4340
801 0 _aRU
_bNLR
_gpsbo
801 1 _aRU
_bELAR
_2rusmarc
852 _aNLR
_j75-7/895
942 _cBOOK
980 _aNB